Countries with 10 or more FIFA World Cup appearances - Statistics

General Stats
  • This quiz has been taken 100 times
    28 since last reset
  • The average score is 15 of 17
Answer Stats
Hint Answer % Correct
21 Brazil
100%
15 England
100%
17 Argentina
96%
15 France
96%
19 Germany
96%
18 Italy
96%
16 Mexico
96%
10 Netherlands
91%
11 Russia
91%
15 Spain
91%
12 Sweden
91%
13 Uruguay
91%
10 USA
91%
13 Belgium
87%
11 Switzerland
83%
12 Serbia
61%
10 South Korea
57%
No matching quizzes found
Score Distribution
Percent of People with Each Score
Percentile by Number Answered
Your Score History
You have not taken this quiz since the last reset